Statistics for Cameron Crowe films

Click here to take the quiz!

General Stats

  • This quiz has been taken 15 times
  • The average score is 6 of 10

Answer Stats

YearDescriptionAnswer% Correct
1996Show me the moneyJerry Maguire
92%
2011Matt Damon and Scarlett JohanssonWe Bought a Zoo
92%
2000tiny dancerAlmost Famous
85%
1989John CusackSay Anything
77%
2001remake of Abre los ojos (with Penelope Cruz)Vanilla Sky
77%
2005Kirsten Dunst as a stewardessElizabethtown
62%
2015Bradley Cooper and Emma StoneAloha
54%
1992Young people in early 90s SeattleSingles
54%
2011documentary (music)Pearl Jam Twenty
23%
2011documentary (music)The Union
23%

Score Distribution

Percentile by Number Answered

Percent of People with Each Score

Your Score History

You have not taken this quiz